| 000 | 00902nas a22002177a 4500 | ||
|---|---|---|---|
| 999 |
_c35390 _d35390 |
||
| 003 | OSt | ||
| 005 | 20250129222837.0 | ||
| 008 | 160601b xxu||||| |||| 00| 0 eng d | ||
| 022 | _a2070-0458 | ||
| 040 | _cBMC | ||
| 082 | _a600.7284 | ||
| 245 | 0 | 0 |
_aRevista tecnológica _pEnero-diciembre 2023 _cCarlos Alberto Arriola, rector |
| 260 |
_aSanta Tecla, El Salvador _bITCA _bFEPADE _c2023 |
||
| 300 |
_a74 p. _c28 cm _bil. col |
||
| 490 |
_aRevista tecnológica _v16 |
||
| 500 | _aDatos tomados de la cubierta | ||
| 505 | _aContiene: Investigación antropológica del Cementerio Santa Isabel de Santa Ana.- Simulador virtual con realidad aumentada.- Logistica para gestion recolección de desechos sólidos en La Unión.- Laboratorio de pruebas de sistemas electroneumáticos.- | ||
| 650 | 2 | 4 |
_932954 _aTecnología _zEl Salvador |
| 700 | 1 |
_948918 _aArriola Martínez, Carlos Alberto |
|
| 942 |
_2ddc _cPR |
||